000 00641nam a2200229Ia 4500
003 GCL
008 140319s9999 xx 000 0 ara d
040 _aGCL /
_cGCL
082 0 4 _aط
_b028.7
_bو ط
100 1 _aوفاء انور
245 1 0 _aالطفل الموهوب /
_cوفاء انور
700 1 _aعبدالله امين عشرى
300 _a31 ص
490 _aالهيئة العامة للاستعلامات
_v0
650 0 4 _aالقصص القصيرة
650 0 4 _aالاطفال
650 0 4 _aالثقافة
650 0 4 _aالمعرفة
650 0 4 _aالسيول
650 0 4 _aالزلزال
942 _2ddc
_cBK
999 _c50877
_d50877